| 000 | 00374nam a22001217a 4500 | ||
|---|---|---|---|
| 082 |
_a348.041 _bAIR |
||
| 245 |
_aThe A.I.R Manual: _bUnrepealed Central acts (Civil and Criminal) / _cChitaley, W.W. ; Bakhale V.B. |
||
| 250 | _a4th Edition. | ||
| 260 |
_aNagpur : _bThe All India Reporters Ltd, _c1979. |
||
| 300 |
_a35 Volumes Set, _c25 cm. |
||
| 563 | _aHB. | ||
| 942 |
_2ddc _cBK |
||
| 999 |
_c616187 _d616187 |
||